Statistiques concernant Quiz sur les départements français

Cliquez ici pour prendre le quiz!

Statistiques générales

  • Ce quiz a été pris 311 fois
  • Le résultat moyen est 10 sur 17

Statistiques - réponses

QuestionRégionDépartement% Correct
Département avec le plus grand nombre de touristesÎle-de-FranceParis
96%
Département le plus ensoleilléProvence-Alpes-Côte d'AzurBouches-du-Rhône
71%
Département avec le plus grand nombre de cochonsBretagneFinistère
71%
Département avec le plus grand nombre de volcansAuvergne-Rhône-AlpesPuy-de-Dôme
71%
Département avec le plus grand nombre de chevauxNormandieCalvados
66%
Département où la consommation d'alcool par habitant est la plus élevéeHauts-de-FranceAisne
65%
Département avec la population la plus jeuneOutre-merMayotte
64%
Département avec la température la plus froide (2016)Grand EstMeurthe-et-Moselle
63%
Département avec le plus de pluieBourgogne-Franche-ComtéDoubs
56%
Département avec le plus d'exploitations agricolesGrand EstMarne
56%
Département avec le plus de loups sauvagesProvence-Alpes-Côte d'AzurAlpes-Maritimes
54%
Département avec le plus grand nombre d'étrangersOutre-merGuyane
53%
Département avec le plus de vachesNormandieManche
53%
Département avec la population la plus âgéeNouvelle-AquitaineCreuse
42%
Département avec la température la plus chaude (2016)OccitanieGers
36%
Département avec le plus de ventOccitanieAveyron
30%
Département avec le plus grand nombre de moutonsNouvelle-AquitaineDeux-Sèvres
25%

Distribution des résultats

Percentile par nombre de réponses

% des personnes avec chaque résultat

Votre développement - résultats

Vous n’avez pas pris ce quiz